Las empresas del estado en la República Argentina (Registro nro. 4197)

Detalles MARC
000 -LEADER
fixed length control field 01126 a2200193 4500
001 - CONTROL NUMBER
control field 46443
005 - DATE AND TIME OF LATEST TRANSACTION
control field 20260407155735.0
008 - FIXED-LENGTH DATA ELEMENTS--GENERAL INFORMATION
fixed length control field 260407a1970 arg spa d
003 - CONTROL NUMBER IDENTIFIER
control field AR-UNSa-BCEJYS
040 ## - CATALOGING SOURCE
Original cataloging agency AR-UNSa-BCEJYS
Language of cataloging spa
Transcribing agency AR-UNSa-BCEJYS
080 ## - UNIVERSAL DECIMAL CLASSIFICATION NUMBER
Universal Decimal Classification number 658.115
Common auxiliary subdivision Empresas públicas, estatales y nacionalizadas (Economía)
100 1# - MAIN ENTRY--PERSONAL NAME
Personal name Forino, Sabatino A.
245 10 - TITLE STATEMENT
Title Las empresas del estado en la República Argentina
Name of part/section of a work aspectos normativos y económico-financieros en el Estado Moderno
264 #1 - PRODUCTION, PUBLICATION, DISTRIBUTION, MANUFACTURE, AND COPYRIGHT NOTICE
Place of production, publication, distribution, manufacture Buenos Aires :
Name of producer, publisher, distributor, manufacturer Ediciones Macchi
Date of production, publication, distribution, manufacture, or copyright notice 1970
300 ## - PHYSICAL DESCRIPTION
Extent 256 p.
Dimensions 23 cm.
505 ## - FORMATTED CONTENTS NOTE
Formatted contents note 1. Los fines y las funciones del Estado – 2. El rol de la empresa pública en las sociedades industriales del mundo occidental – 3. La empresa pública en países en desarrollo – 4. Aspectos económicos, financieros y operativos de la actividad empresaria del Estado en la República Argentina – 5. Las empresas del Estado en la Argentina : Aspectos jurídicos y administrativos – 6. Perspectivas que ofrece el régimen de empresas del Estado en la Argentina.
590 ## - LOCAL NOTE (RLIN)
Local note niveau_biblio:m niveau_hierar:0
942 ## - ADDED ENTRY ELEMENTS (KOHA)
Koha item type
Existencias
Withdrawn status Lost status Damaged status Not for loan Home library Current library Shelving location Date acquired Total checkouts Full call number Barcode Date last seen Price effective from Koha item type
        Biblioteca Prof. Eusebio Cleto del Rey Biblioteca Prof. Eusebio Cleto del Rey   07/04/2026   658.115 F692 L22253 07/04/2026 07/04/2026 Libro
        Biblioteca Prof. Eusebio Cleto del Rey Biblioteca Prof. Eusebio Cleto del Rey   07/04/2026   658.115 F692 L13386 07/04/2026 07/04/2026 Libro
        Biblioteca Prof. Eusebio Cleto del Rey Biblioteca Prof. Eusebio Cleto del Rey   07/04/2026   658.115 F692 L22252 07/04/2026 07/04/2026 Libro
        Biblioteca Prof. Eusebio Cleto del Rey Biblioteca Prof. Eusebio Cleto del Rey   07/04/2026   658.115 F692 L13387 07/04/2026 07/04/2026 Libro